Quick Pick: Not Quite the Seven Dwarfs Quiz Stats

Quiz Updated Apr 11, 2016

Challenge
Share
Tweet
Embed
Score 0/7 Timer 00:30
1 Play Today
% Correct
Happy
96.5%
Doc
96.1%
Grumpy
95.8%
Dopey
95.6%
Sneezy
95.2%
Bashful
91.3%
Sleepy
91.3%

Today's Daily Dose

Missing Word
Law Misconceptions

Word Ladder
Easy Math

On This Day
January 20th

You're not logged in!

Compare scores with friends on all Sporcle quizzes.
Sign Up with Email
OR
Log In

You Might Also Like...

Show Comments

Extras

Top Quizzes Today


Score Distribution

Your Account Isn't Verified!

In order to create a playlist on Sporcle, you need to verify the email address you used during registration. Go to your Sporcle Settings to finish the process.